000 00371nam a2200145Ia 4500
008 241014s9999||||xx |||||||||||||| ||und||
020 _a0-444515178
060 _aWM 188 G 2005
100 _aGuilleminault, Christian
245 0 _aClinical Neurophysiology of Sleep Disorders.
260 _bElsevier
_c2005
300 _a363
650 _aPsychiatry
942 _bDIMC
_cBK
999 _c6593
_d6593